Wordt geladen...
Political economy of agrarian change: An essay on the green revolution
| Hoofdauteur: | |
|---|---|
| Formaat: | Printed Book |
| Gepubliceerd in: |
London
Macmillan
1979
|
| Onderwerpen: |
| LEADER | 00434nam a22001217a 4500 | ||
|---|---|---|---|
| 082 | |a 338.16 |b GRI.P | ||
| 100 | |a Griffin, Keith | ||
| 245 | |a Political economy of agrarian change: An essay on the green revolution | ||
| 260 | |a London |b Macmillan |c 1979 | ||
| 650 | |a Trade policies | ||
| 942 | |c BK | ||
| 999 | |c 11687 |d 11687 | ||
| 952 | |0 0 |1 0 |4 0 |6 338_160000000000000_GRI_P |7 0 |9 13789 |a CAMPUS |b CAMPUS |d 2017-07-18 |l 0 |o 338.16 GRI.P |p 02876 |r 2017-07-18 |w 2017-07-18 |y BK | ||